US States and Canadian Provinces by Borders: 45 Second Sprint - Statistics

General Stats
  • This quiz has been taken 280 times
  • The average score is 46 of 63
Answer Stats
International borders Borders within Canada Borders within US STATE/PROVINCE % Correct
Alaska, Idaho, Montana, Washington Alberta, Yukon British Columbia
94%
Ontario, Quebec Connecticut, Massachusetts, New Jersey, Pennsylvania, Vermont New York
94%
Michigan, Minnesota, New York, Ohio, Pennsylvania, Wisconsin Manitoba, Quebec Ontario
94%
British Columbia Montana, Nevada, Oregon, Utah, Washington, Wyoming Idaho
91%
Ontario Delaware, Maryland, New Jersey, New York, Ohio, West Virginia Pennsylvania
90%
Maine, New Hampshire, New York, Vermont New Brunswick, Newfoundland and Labrador, Ontario Quebec
90%
Ontario Illinois, Iowa, Michigan, Minnesota Wisconsin
89%
Alberta, British Columbia, Saskatchewan Idaho, North Dakota, South Dakota, Wyoming Montana
88%
California, Colorado, Nevada, New Mexico, Utah Arizona
87%
Arizona, California, Idaho, Oregon, Utah Nevada
87%
Louisiana, Mississippi, Missouri, Oklahoma, Tennessee, Texas Arkansas
86%
Arizona, Colorado, Oklahoma, Texas, Utah New Mexico
86%
Ontario Indiana, Kentucky, Michigan, Pennsylvania, West Virginia Ohio
86%
Arkansas, Colorado, Kansas, Missouri, New Mexico, Texas Oklahoma
86%
Ontario Indiana, Ohio, Wisconsin Michigan
85%
California, Idaho, Nevada, Washington Oregon
85%
Montana, North Dakota Alberta, Manitoba, Nunavut Saskatchewan
83%
Alabama, Florida, North Carolina, South Carolina, Tennessee Georgia
82%
Arkansas, Illinois, Iowa, Kansas, Kentucky, Nebraska, Oklahoma, Tennessee Missouri
82%
Quebec Massachusetts, New Hampshire, New York Vermont
82%
Florida, Georgia, Mississippi, Tennessee Alabama
81%
Arizona, Nevada, Oregon California
81%
Ontario Iowa, North Dakota, South Dakota, Wisconsin Minnesota
81%
Arizona, Colorado, Idaho, Nevada, New Mexico, Wyoming Utah
81%
Alaska British Columbia, Northwest Territories Yukon
80%
British Columbia, Yukon Alaska
79%
Arkansas, Louisiana, New Mexico, Oklahoma Texas
79%
Colorado, Idaho, Montana, Nebraska, South Dakota, Utah Wyoming
79%
Arizona, Kansas, Nebraska, New Mexico, Oklahoma, Utah, Wyoming Colorado
78%
Quebec Maine, Massachusetts, Vermont New Hampshire
78%
Alabama, Arkansas, Georgia, Kentucky, Mississippi, Missouri, North Carolina, Virginia Tennessee
78%
Arkansas, Mississippi, Texas Louisiana
77%
Connecticut, New Hampshire, New York, Rhode Island, Vermont Massachusetts
77%
Illinois, Minnesota, Missouri, Nebraska, South Dakota, Wisconsin Iowa
76%
Illinois, Indiana, Missouri, Ohio, Tennessee, Virginia, West Virginia Kentucky
76%
British Columbia Idaho, Oregon Washington
76%
Montana British Columbia, Northwest Territories, Saskatchewan Alberta
74%
Massachusetts, New York, Rhode Island Connecticut
74%
North Dakota Northwest Territories, Nunavut, Ontario, Saskatchewan Manitoba
74%
Colorado, Iowa, Kansas, Missouri, South Dakota, Wyoming Nebraska
74%
Maine Nova Scotia, Quebec New Brunswick
74%
Iowa, Minnesota, Montana, Nebraska, North Dakota, Wyoming South Dakota
73%
Illinois, Kentucky, Michigan, Ohio Indiana
71%
New Brunswick, Quebec New Hampshire Maine
71%
Delaware, New York, Pennsylvania New Jersey
70%
Manitoba, Saskatchewan Minnesota, Montana, South Dakota North Dakota
70%
Alberta, Manitoba, Nunavut, Yukon Northwest Territories
70%
Alabama, Georgia Florida
69%
Indiana, Iowa, Kentucky, Missouri, Wisconsin Illinois
69%
Colorado, Missouri, Nebraska, Oklahoma Kansas
69%
Georgia, South Carolina, Tennessee, Virginia North Carolina
67%
Kentucky, Maryland, North Carolina, Tennessee, West Virginia Virginia
66%
Kentucky, Maryland, Ohio, Pennsylvania, Virginia West Virginia
65%
Alabama, Arkansas, Louisiana, Tennessee Mississippi
64%
Quebec Newfoundland and Labrador
52%
Delaware, Pennsylvania, Virginia, West Virginia Maryland
48%
Manitoba, Northwest Territories, Saskatchewan Nunavut
46%
Connecticut, Massachusetts Rhode Island
39%
Georgia, North Carolina South Carolina
39%
Maryland, New Jersey, Pennsylvania Delaware
38%
Hawaii
37%
Prince Edward Island
23%
New Brunswick Nova Scotia
22%
No matching quizzes found
Score Distribution
Percent of People with Each Score
Percentile by Number Answered
Your Score History
You have not taken this quiz